Statistics for Awesome Roman Numerals Quiz

Click here to take the quiz!

General Stats

  • This quiz has been taken 958 times
  • The average score is 27 of 28

Answer Stats

HintAnswer% Correct
I1
100%
II2
100%
III3
100%
X10
99%
XIX19
99%
XIX19
99%
XIII13
98%
XV15
98%
CC200
98%
XXI21
98%
XXXII32
98%
VII7
98%
XXXIX39
97%
LIII53
97%
LIX59
97%
MM2000
96%
XXIV24
96%
XXVII27
96%
XXVIII28
96%
XXXI31
96%
XL40
96%
XLV45
96%
CL150
95%
LVI56
95%
XLIII43
94%
DXXIII523
93%
DLVI556
91%
MMMDLVIII3558
90%

Score Distribution

Percentile by Number Answered

Percent of People with Each Score

Your Score History

You have not taken this quiz